|
|
|
|
| LEADER |
00000nab#a22000007a#4500 |
| 001 |
arbauad011816 |
| 003 |
AR-BaUAD |
| 005 |
20250711111213.0 |
| 008 |
950607|||||||||###||||||b###|0###a|spa|| |
| 040 |
|
|
|a AR-BaUAD
|c AR-BaUAD
|b spa
|
| 245 |
1 |
0 |
|a I.T. interprets Interstoff
|b Spring/Summer 1996 - Trimmings
|
| 300 |
0 |
|
|b p. 22-25; 28-31; 34-36: fot.
|
| 500 |
|
|
|a Alemania - Exposiciones, Interstoff presenta cuatro importantes tendencias de moda en telas, colores, etc., para indumentaria femenina "Clean", "Charming", "Humid", "Vibrant".
|
| 653 |
|
|
|a EXPOSICIONES
|
| 653 |
|
|
|a ALEMANIA
|
| 653 |
|
|
|a PROCESO CREATIVO
|
| 653 |
|
|
|a TENDENCIAS
|
| 653 |
|
|
|a MODA
|
| 653 |
|
|
|a COLORES
|
| 653 |
|
|
|a DISEÑO TEXTIL
|
| 653 |
|
|
|a TEJIDOS PLANOS
|
| 653 |
|
|
|a TELAS ESTAMPADAS
|
| 653 |
|
|
|a INDUMENTARIA FEMENINA
|
| 653 |
|
|
|a PRIMAVERA VERANO 1996
|
| 653 |
|
|
|a TELAS
|
| 773 |
0 |
|
|t INTERNATIONAL TEXTILES
|g no. 762 [abr. 1995]
|
| 942 |
|
|
|c ARTI
|
| 952 |
|
|
|0 0
|1 0
|4 0
|7 0
|9 56736
|a AR-BAuAD
|b AR-BAuAD
|d 2025-07-11
|l 0
|p AAQA011816
|r 2025-07-11 11:12:13
|w 2025-07-11
|y ARTI
|
| 990 |
|
|
|a DT199
|b TD
|
| 998 |
|
|
|a AAQ
|b BIBUN76
|
| 999 |
|
|
|c 36409
|d 36409
|